US States With At Least One Springfield - Sudden Death - Normal Speed - Statistics

General Stats
  • This quiz has been taken 33 times
  • The average score is 6 of 31
Answers on the Grid
Answers color-coded by a green-red scale on the quiz's grid according to % correct below.
Alabama
Alaska
Arizona
Arkansas
California
Colorado
Connecticut
Delaware
Florida
Georgia
Hawaii
Idaho
Illinois
Indiana
Iowa
Kansas
Kentucky
Louisiana
Maine
Maryland
Massachusetts
Michigan
Minnesota
Mississippi
Missouri
Montana
Nebraska
Nevada
New Hampshire
New Jersey
New Mexico
New York
North Carolina
North Dakota
Ohio
Oklahoma
Oregon
Pennsylvania
Rhode Island
South Carolina
South Dakota
Tennessee
Texas
Utah
Vermont
Virginia
Washington
West Virginia
Wyoming
Wisconsin
 
Answer Stats
Answer % Correct
Illinois
86%
Massachusetts
57%
Missouri
57%
Ohio
57%
New Hampshire
43%
New York
43%
Alabama
29%
Maine
29%
New Jersey
29%
Pennsylvania
29%
South Carolina
29%
Virginia
29%
Arkansas
14%
California
14%
Florida
14%
Michigan
14%
Oregon
14%
Vermont
14%
Wisconsin
14%
Colorado
0%
Georgia
0%
Idaho
0%
Indiana
0%
Kentucky
0%
Louisiana
0%
Minnesota
0%
Nebraska
0%
South Dakota
0%
Tennessee
0%
Texas
0%
West Virginia
0%
No matching quizzes found
Score Distribution
Percent of People with Each Score
Percentile by Number Answered
Your Score History
You have not taken this quiz